[Event "47th GER-ch Blitz 2020"]
[Site "Magdeburg"]
[Date "2020.08.15"]
[Round "2.4"]
[White "Siebarth, Raiko"]
[Black "Meier, Georg"]
[Result "1-0"]
[WhiteElo "2333"]
[BlackElo "2621"]
[Annotator "TA"]
[PlyCount "72"]
[EventDate "2020.07.28"]
[EventType "tourn"]
[EventCountry "GER"]
[SourceTitle "playchess.com"]
[Source "ChessBase"]
[SourceQuality "1"]

{[%evp 9,72,12,12,10,9,0,0,0,0,-6,-8,-26,78,37,84,19,29,0,2,-90,55,12,125,81,45,52,335,-25,-19,0,401,383,533,524,512,515,501,418,451,358,464,461,547,0,0,0,0,0,0,0,0,0,0,0,-4,-4,41,8,8,8,25,25,28,28,23]} 1. c4 b6 2. Nc3 Bb7 3. e4 e5 4. d3 Nc6 5. Nge2 Bc5 6. g3 {[#] A10: English Opening: Unusual Replies for Black.} h5 $146 ({Predecessor:} 6... Qf6 7. f4 Nge7 8. Na4 Bb4+ 9. Nec3 h5 10. h4 exf4 11. Bxf4 Ng6 12. Qd2 Nd4 {0-1 (29) Ehlvest,J (2547)-Morozevich,A (2711) Jurmala 2015}) 7. h4 Nh6 8. Bg2 {The position is equal.} Ng4 9. O-O Qf6 {[%cal Rg4f2]} 10. Nd5 Qd6 (10... Bxf2+ $11 11. Kh1 Qd6) 11. Nec3 {Nb5 is the strong threat.} a6 12. Bf3 (12. Rb1 $16) 12... O-O-O $11 13. Bxg4 hxg4 14. Qxg4 {[#]} (14. Be3 $1 $11 {remains equal.}) 14... Nd4 ({Better is} 14... Qe6 $1 $17 {[%cal Re6g4]} 15. Qd1 Qh3) 15. Be3 (15. Qxg7 Nf3+ 16. Kg2 Nxh4+ 17. gxh4 Rdg8 $17) 15... g5 (15... Qe6 $11 {keeps the balance.} 16. f3 c6) 16. Bxg5 Rdg8 17. a3 {Hoping for b4.} f6 $2 {[%mdl 8192]} (17... Ne6 $14) 18. b4 $2 (18. Nxf6 $18 Rxh4 19. gxh4 Qxf6 20. Bxf6 Rxg4+ 21. Kh1) 18... fxg5 19. bxc5 Qh6 $2 {[%mdl 8192]} (19... Qxc5 $11 {and Black is okay.} 20. h5 (20. hxg5 $2 Rxg5 21. Qxg5 Nf3+ {[%mdl 64] Double Attack} 22. Kg2 Nxg5 $19) 20... Qf8) 20. Ne7+ $18 {[%mdl 64] [#] Double Attack} Kd8 21. Nxg8 Rxg8 22. cxb6 cxb6 23. Nd5 Rg7 24. Kh1 d6 {Threatening ...Bc8.} 25. Nxb6 d5 26. c5 $2 ({Not} 26. Nxd5 Bc8 $18) (26. cxd5 $18 Qxb6 27. f4) 26... dxe4 $11 27. dxe4 {Black must now prevent f3.} gxh4 28. Qxh4+ Qxh4+ 29. gxh4 {Threatens to win with f3.} Bxe4+ 30. f3 Nxf3 31. Rxf3 Bxf3+ {KRB-KRN} 32. Kh2 Kc7 33. Re1 e4 34. Nc4 Rg2+ 35. Kh3 Rc2 36. Ne5 Rxc5 {[%mdl 32768] Black escapes into a draw. Accuracy: White = 50%, Black = 42%. . Loss on time!?} 1-0

[Event "47th GER-ch Blitz 2020"]
[Site "Magdeburg"]
[Date "2020.08.15"]
[Round "2.5"]
[White "Hess, Max"]
[Black "Frischmann, Rick"]
[Result "0-1"]
[WhiteElo "2378"]
[BlackElo "2347"]
[Annotator "TA"]
[PlyCount "63"]
[EventDate "2020.07.28"]
[EventType "tourn"]
[EventCountry "GER"]
[SourceTitle "playchess.com"]
[Source "ChessBase"]
[SourceQuality "1"]

{[%evp 9,63,25,31,0,0,5,53,16,29,15,63,43,52,50,70,18,39,0,0,0,0,-30,-16,-81,-75,-84,-29,-45,-38,-37,-35,-42,-49,-67,-41,-66,-68,-122,-132,-118,-128,-130,-123,-224,0,-422,-429,-425,-406,-408,-249,-506,-439,-386,-151,-2169]} 1. e4 d5 2. exd5 Qxd5 3. Nc3 Qd6 4. d4 Nf6 5. Nb5 Qd8 6. c4 {B01: Scandinavian Defence.} a6 7. Nc3 Nc6 8. d5 {[#] White is slightly better.} Na7 $146 ({Predecessor:} 8... Ne5 9. Qe2 Ng6 10. Bg5 e6 11. O-O-O Qe7 12. g3 h6 13. Bxf6 gxf6 14. Bg2 e5 {1-0 (28) Ovetchkin,R (2548)-Safar,A (1580) Abu Dhabi 2009}) 9. Nf3 g6 10. Be2 Bg7 11. O-O O-O 12. h3 ({White should try} 12. Qb3 $14) 12... e6 13. Bf4 exd5 14. cxd5 Nb5 15. Nxb5 axb5 16. d6 {[#]} (16. Bxb5 $11 {keeps the balance.} Nxd5 17. Bg5) 16... c6 $1 $17 17. Be5 Be6 (17... Re8 $17) 18. a4 $1 $11 bxa4 19. Rxa4 Rxa4 20. Qxa4 Bd5 21. Qd4 Ne8 22. Bxg7 Nxg7 23. Qa7 ({White should play} 23. Ne5 $15) 23... Re8 $17 24. Bd1 b5 25. Qc5 Nf5 26. Nd4 {[#]} (26. Re1 $17) 26... Qg5 $2 ({Don't play} 26... Nxd6 27. Bf3 $15) ({Much less strong is} 26... Qxd6 27. Qxd6 Nxd6 28. Bb3 $17) (26... Nxd4 $1 $19 27. Qxd4 Bc4) 27. Bf3 $2 {[%mdl 8192]} (27. Nf3 $11 Qd8 28. Re1) 27... Nxd4 $19 28. Bxd5 Ne2+ ({Less strong is} 28... Qxd5 29. Qxd5 cxd5 30. Rd1 $19) 29. Kh2 {Bxf7+! is the strong threat.} cxd5 30. Re1 $2 (30. g3 Rd8 31. Rd1) 30... Qf4+ 31. g3 Qf3 $2 (31... Qf5 $19 32. Rf1 Kg7) 32. b4 $2 {Accuracy: White = 47%, Black = 57%.} (32. d7 $17 Rd8 33. Qb6 Rxd7 34. Qb8+ Kg7 35. Qe5+ Qf6 36. Rxe2) 0-1

[Event "47th GER-ch Blitz 2020"]
[Site "Magdeburg"]
[Date "2020.08.15"]
[Round "2.6"]
[White "Kopylov, Michael"]
[Black "Dobrikov, Marco"]
[Result "1-0"]
[WhiteElo "2407"]
[BlackElo "2290"]
[Annotator "TA"]
[PlyCount "61"]
[EventDate "2020.07.28"]
[EventType "tourn"]
[EventCountry "GER"]
[SourceTitle "playchess.com"]
[Source "ChessBase"]
[SourceQuality "1"]

{[%evp 18,61,45,33,73,72,91,88,104,70,80,66,97,78,103,102,190,176,224,81,114,126,108,101,334,324,395,234,441,439,1006,980,1027,894,840,772,722,539,520,526,914,695,1797,1584,1305,1097]} 1. d4 Nf6 2. c4 g6 3. g3 Bg7 4. Bg2 d5 5. cxd5 Nxd5 6. Nf3 O-O 7. O-O Nc6 8. Nc3 Nb6 9. d5 Nb4 10. e4 a5 {D76: Fianchetto Grünfeld: Main Line with 7...Nb6.} 11. Bf4 {[#]} a4 $146 ({Predecessor:} 11... Bg4 12. a3 Na6 13. Qe2 Nc5 14. Qb5 Ncd7 15. Rac1 c6 16. dxc6 bxc6 17. Qxc6 Rc8 {1-0 (35) Milanovic,S (2370)-Pantovic,D (2102) Belgrade 2018}) 12. a3 Na6 {White is better.} 13. Rc1 c6 14. dxc6 bxc6 15. e5 $36 {[%mdl 2048] White is really pushing.} Nc5 16. Nd4 Ba6 (16... Bd7 $16) 17. Nxc6 $18 Qe8 18. Nb4 (18. Be3 $18 Rc8 19. Bxc5 Rxc6 20. Bxc6 (20. Nxa4 Bxf1 21. Qxf1 Nxa4 $16) 20... Qxc6 21. Bxb6 (21. Bxe7 Re8 $16) 21... Bxf1 22. Nd5 {[%mdl 64] Discovered Attack} (22. Qxf1 Qxb6 23. Nxa4 Qa5 $16)) 18... Bxf1 19. Bxa8 ({Much worse is} 19. Bxf1 $6 Nb3 $14) 19... Qxa8 {[%csl Gf1][%cal Ra8g2] [#]} 20. Qxf1 Rd8 $2 {Black cannot hold the game after this.} (20... Nbd7 $16) 21. Qb5 $1 {[%csl LRb6,LRc5]} Nbd7 22. Ncd5 (22. Nc6 $142) 22... Ne6 $2 (22... Rb8 {keeps fighting.} 23. Qc6 (23. Nxe7+ Kf8 $18) 23... Qxc6 24. Nxe7+ (24. Nxc6 Rb5 $16) 24... Kf8 25. Nexc6 Re8) 23. Nc6 {White is clearly winning.} Nxf4 (23... Kh8 $142 24. Nxd8 {[%mdl 64] Discovered Attack} Qxd8) 24. gxf4 Bf8 25. Nxd8 Qxd8 26. Qc6 Nb8 27. Qc4 Qd7 28. Ne3 Qh3 29. Qc8 Nd7 30. Rc7 Qe6 31. Qxd7 {Accuracy: White = 52%, Black = 22%.} 1-0

[Event "47th GER-ch Blitz 2020"]
[Site "Magdeburg"]
[Date "2020.08.15"]
[Round "2.7"]
[White "Berger, Steve"]
[Black "Zelbel, Patrick"]
[Result "0-1"]
[WhiteElo "2408"]
[BlackElo "2448"]
[Annotator "TA"]
[PlyCount "64"]
[EventDate "2020.07.28"]
[EventType "tourn"]
[EventCountry "GER"]
[SourceTitle "playchess.com"]
[Source "ChessBase"]
[SourceQuality "1"]

{[%evp 19,64,47,51,56,45,41,36,44,53,50,54,27,31,4,6,10,29,27,30,-89,-56,-73,-8,-17,-24,-22,0,-29,-36,-95,-37,-982,-1008,-1008,-64,-1008,-985,-982,-982,-953,-903,-899,-890,-1083,-1083,-974,-960]} 1. e4 d5 2. exd5 Qxd5 3. Nc3 Qa5 4. d4 Nf6 5. Nf3 Bf5 6. Ne5 c6 7. Bc4 e6 8. g4 Bg6 9. h4 Nbd7 10. Nxd7 Nxd7 11. h5 $1 {[%cal Rh5g6] B01: Scandinavian Defence.} Be4 $1 {[%cal Re4h1]} 12. O-O Bd5 13. Nxd5 {White is slightly better.} cxd5 14. Bd3 g6 15. h6 Bd6 16. Qf3 O-O-O {[#]} 17. Qxf7 $146 ({Predecessor:} 17. Kg2 e5 18. Qxf7 Rdf8 19. Qe6 Rf6 20. b4 Bxb4 21. Qxf6 Nxf6 22. dxe5 Nxg4 23. Bf4 Bc3 24. Rab1 Bxe5 {0-1 (24) Berger,S (2246)-Zelbel,P (2552) Playchess.com INT 2020}) 17... Qb6 18. Re1 Rde8 {And now ...Rhf8 would win.} 19. Qf3 (19. c3 $11 {was the only way to keep the balance.}) 19... Qxd4 20. Qg2 Nf6 ({Black should play} 20... Rhf8 $17) 21. Be3 Qxg4 22. Bxa7 Rhf8 23. Be3 (23. c4 $5 {[%cal Rg2g4]}) 23... Qh4 {...Ng4 is the strong threat.} 24. Be2 (24. Bg5 $15 Qb4 25. c3) 24... Ne4 ({Black should try} 24... Kb8 $17 25. c4 Ne4) 25. Bf3 $2 {[%mdl 8192] [#]} (25. Bd3 $15) 25... Rxf3 $1 $19 {[%mdl 576] Deflection} 26. Qxf3 {[#]} Qh2+ $1 27. Kf1 {intending Qg2.} Rf8 {Black is clearly winning.} 28. Qxf8+ Bxf8 29. Ke2 Bc5 30. Bxc5 Nxc5 31. Rh1 Qe5+ 32. Kf1 Ne4 {Accuracy: White = 61%, Black = 86%.} 0-1

[Event "47th GER-ch Blitz 2020"]
[Site "Magdeburg"]
[Date "2020.08.15"]
[Round "2.9"]
[White "Stein, Robert"]
[Black "Barzen, Pascal"]
[Result "1-0"]
[WhiteElo "2325"]
[BlackElo "2321"]
[Annotator "TA"]
[PlyCount "77"]
[EventDate "2020.07.28"]
[EventType "tourn"]
[EventCountry "GER"]
[SourceTitle "playchess.com"]
[Source "ChessBase"]
[SourceQuality "1"]

{[%evp 12,76,22,22,23,17,24,29,27,33,34,24,24,0,18,0,0,-4,-15,-26,-11,-2,20,14,25,12,19,12,20,17,172,157,263,242,404,389,532,531,579,546,624,504,955,940,931,928,1035,1017,5006,1514,29984,5804,29988,29988,29991,29985,29985,29986,29986,29987,29987,12842,29992,29990,29994,29993,29999]} 1. d4 Nf6 2. c4 e6 3. g3 Bb4+ 4. Bd2 a5 5. Bg2 O-O 6. Nf3 d5 7. Qc2 $1 {[%mdl 4] is now more promising than 7.0-0. Played by Jeffery Xiong in July 2020.} b6 {E11: Bogo-Indian.} 8. O-O Bxd2 9. Nbxd2 Bb7 {White has an edge.} 10. Rac1 Na6 {[#]} 11. Ne5 $146 ({Predecessor:} 11. cxd5 exd5 12. Rfd1 Re8 13. e3 Qd6 14. a3 h6 15. Nh4 c5 16. Nf5 Qd8 17. dxc5 bxc5 {1-0 (33) Vokac,M (2453)-Byhan,G (1978) Pardubice 2015}) 11... c5 12. Ndf3 Qe7 13. cxd5 (13. Rfd1 {is more complex.} Ne4 14. dxc5 Naxc5 15. cxd5 exd5 16. Nd3) 13... Bxd5 14. b3 a4 15. dxc5 axb3 (15... Nb4 $5 {[%cal Rb4c2]} 16. Qd2 bxc5 $11) 16. axb3 {[%cal Ba2b3,Bb3b4][%mdl 32]} Nxc5 17. Nd4 Qb7 18. Bxd5 Qxd5 19. Nec6 {Threatens to win with Ne7+.} Rfe8 20. b4 Nce4 $2 {Black cannot hold the game after this.} (20... Ra2 $11 {and Black has nothing to worry.} 21. Qd1 Ncd7) 21. f3 $36 {[%mdl 2048] White has strong initiative.} Nd6 (21... Ng5 $16) 22. e4 Qg5 $2 (22... Ndxe4 {was necessary.} 23. fxe4 Nxe4) 23. e5 {[%mdl 64] [#] Double Attack} Nb7 24. f4 Qh6 25. exf6 Qxf6 26. Ne5 Red8 (26... Nd6 $142 27. Ndc6 Nf5) 27. Ndc6 Re8 28. Rfd1 h5 29. Rd7 {[%mdl 64] Double Attack} h4 30. Rxb7 (30. Rxf7 $142 Qh6 31. Rxb7 hxg3 32. hxg3) 30... hxg3 31. hxg3 (31. Rxf7 $142 gxh2+ 32. Qxh2 Qxf7 {[%mdl 64] Remove Defender} 33. Nxf7 Ra5 34. bxa5 Kxf7 35. Qh5+ Kf8 36. Ne5 Kg8 37. Qxe8+ {[%mdl 64] Double Attack} Kh7 38. Qh5+ Kg8 39. Rc8#) 31... Ra3 32. Kg2 g5 33. Qe4 Ra2+ {[#]} 34. Kg1 $1 Qh6 35. Qh1 Qxh1+ 36. Kxh1 gxf4 37. gxf4 {White mates.} f6 38. Rg1+ Kf8 39. Rf7# {Accuracy: White = 90%, Black = 44%.} 1-0

[Event "47th GER-ch Blitz 2020"]
[Site "Magdeburg"]
[Date "2020.08.15"]
[Round "2.10"]
[White "Krause, Benedict"]
[Black "Baskin, Robert"]
[Result "1/2-1/2"]
[WhiteElo "2425"]
[BlackElo "2390"]
[Annotator "TA"]
[PlyCount "75"]
[EventDate "2020.07.28"]
[EventType "tourn"]
[EventCountry "GER"]
[SourceTitle "playchess.com"]
[Source "ChessBase"]
[SourceQuality "1"]

{[%evp 25,75,39,36,18,14,34,28,18,33,13,14,11,14,17,23,17,10,1,10,0,0,0,0,0,0,0,0,0,0,-134,-140,-139,-94,-89,-82,-242,0,0,0,0,0,0,0,0,0,0,0,0,0,0,0,0]} 1. e4 c5 2. Nf3 d6 3. d4 cxd4 4. Nxd4 Nf6 5. Nc3 Nc6 6. Bg5 e6 7. Qd2 a6 8. O-O-O Bd7 9. f4 Be7 10. Nf3 b5 11. Bxf6 gxf6 12. f5 Qb6 13. Kb1 O-O-O 14. g3 {B69: Sicilian: Richter-Rauzer: 7...a6 8 0-0-0 Bd7 9 f4 Be7 10 Nf3 b5 11 Bxf6.} Kb8 15. Bh3 Na5 {[%cal Bc6a5,Ba5c4,Bc4a3][%mdl 32]} 16. fxe6 {White has an edge.} fxe6 17. Nd4 b4 $1 {[%cal Rb4c3]} 18. Nce2 e5 19. Bxd7 Rxd7 20. Nf5 Nc4 21. Qd3 Rc8 22. Rhf1 {[#]} Bf8 $146 {[%mdl 128] Black attacks.} ({Predecessor:} 22... Na3+ 23. bxa3 Rc3 24. Qd5 bxa3+ 25. Kc1 Qb2+ 26. Kd2 Rxc2+ 27. Ke3 Rxe2+ 28. Kf3 Qc2 29. Nxe7 Rxe7 30. Qxd6+ Rc7 31. Qb6+ Kc8 32. Qxa6+ {1-0 (32) Konguvel,P (2325)-Subhayan,K (2093) Ahmedabad 2018}) 23. Nc1 a5 {[%cal Ba6a5,Ba5a4][%mdl 32]} 24. Nb3 a4 25. Nd2 Na3+ $1 {[%mdl 64] Discovered Attack} 26. bxa3 Rc3 $1 {[%cal Rc3d3]} 27. Qd5 (27. Nc4 $11 Qc5 28. Nxe5 fxe5 29. Qd5 bxa3 30. Qxc5 Rb7+ 31. Ka1 Rxc5 32. Rf2) 27... bxa3+ $17 28. Nb3 axb3 29. cxb3 Rdc7 {And now ...Qb4 would win.} 30. Rc1 $2 {[#]} ({But not} 30. Nxd6 $2 Bxd6 31. Rxf6 Qc5 $19) (30. Rfe1 $17) 30... Rxc1+ $2 (30... Qa6 $1 $19 {[%cal Ra6e2] ( -> ...Qe2)} 31. Qd2 {[#]} Rc2 $1 {[%mdl 576] Deflection} 32. Rxc2 Qxf1+ 33. Qc1 Qd3) 31. Rxc1 $11 {The position is equal.} Rxc1+ (31... Qf2 $5 32. Qb5+ $8 Kc8 33. Rxc7+ (33. Qe8+ Kb7 $11) 33... Kxc7 34. Qa5+ {[%mdl 64] Double Attack} Kd7 35. Qa4+ Kd8 36. Qa8+ (36. Qxa3 Qe1+ {[%mdl 64] Double Attack} 37. Kb2 Qxe4 $11) 36... Kd7 37. Qb7+ Kd8 38. Qb8+ Kd7 39. Qb7+ Kd8 40. Qb8+ Kd7 41. Qb7+ $11) 32. Kxc1 Qg1+ 33. Kc2 Qf2+ 34. Kc3 {White wants to play Kb4.} Qb2+ 35. Kc4 {Threatens to win with Qg8.} Qxa2 36. Qb5+ Ka7 {aiming for ...Qe2+.} 37. Qa5+ Kb7 {Strongly threatening ...Qc2+.} 38. Qb5+ {Accuracy: White = 83%, Black = 95%.} 1/2-1/2

[Event "47th GER-ch Blitz 2020"]
[Site "Magdeburg"]
[Date "2020.08.15"]
[Round "2.11"]
[White "Muranyi, Karl-Jasmin"]
[Black "Ehmann, Thilo"]
[Result "0-1"]
[WhiteElo "2331"]
[BlackElo "2329"]
[Annotator "TA"]
[PlyCount "62"]
[EventDate "2020.07.28"]
[EventType "tourn"]
[EventCountry "GER"]
[SourceTitle "playchess.com"]
[Source "ChessBase"]
[SourceQuality "1"]

{[%evp 11,62,0,0,0,0,-4,0,0,2,7,2,0,0,0,29,29,42,52,61,52,63,25,29,20,18,0,37,-20,4,-10,-9,-4,0,0,0,0,0,0,0,0,32,-11,-12,-78,-84,-130,-147,-134,-163,-365,-359,-762,-760]} 1. d4 Nf6 2. c3 g6 3. Bf4 Bg7 4. h3 O-O 5. Nf3 d6 6. e3 b6 7. Nbd2 {A48: 1 d4 Nf6 2 Nf3 g6: Torre, London and Colle Systems.} Bb7 8. a4 a6 9. Be2 {The position is equal.} Nbd7 10. O-O Re8 11. Bh2 e5 12. b4 {[#] is the legacy move (12.Qb3).} exd4 $146 ({Predecessor:} 12... Ne4 13. Nxe4 Bxe4 14. Qb3 Qe7 15. Rfd1 Bb7 16. Rac1 Rab8 17. Qa2 exd4 18. cxd4 Nf6 {½-½ (30) Kamsky,G (2673)-Demchenko,A (2583) Moscow 2016}) 13. cxd4 Bd5 14. Rc1 Nf8 15. Bc4 Bxc4 16. Rxc4 b5 17. Rc1 Qd7 18. Qc2 Nd5 (18... Ne6 {is interesting.} 19. a5 Rac8 20. Rfd1 c6 21. Qb1 Bh6) 19. axb5 ({White should play} 19. Qb3 $14 c6 20. Rfe1) 19... axb5 20. e4 Nxb4 21. Qxc7 Qxc7 22. Rxc7 Ne6 23. Rb7 Nxd4 24. Nxd4 Bxd4 25. Bxd6 Nd3 26. Bg3 b4 27. Nf3 (27. Nb3 $11 Bc3 28. Rd1) 27... Bc3 $36 {[%mdl 2048] Keeping White busy.} 28. Rd1 Nc5 29. Rb5 Nxe4 30. Be5 $2 {[#]} (30. Bf4 {was worth a try.}) 30... Bxe5 $19 31. Nxe5 $2 (31. Rxe5 Rxe5 32. Nxe5) 31... Nc3 {[%mdl 64] Double Attack. Accuracy: White = 59%, Black = 86%.} 0-1

[Event "47th GER-ch Blitz 2020"]
[Site "Magdeburg"]
[Date "2020.08.15"]
[Round "2.12"]
[White "Braeuning, Rudolf Wilhelm"]
[Black "Braun, Georg"]
[Result "1/2-1/2"]
[WhiteElo "2244"]
[BlackElo "2360"]
[Annotator "TA"]
[PlyCount "93"]
[EventDate "2020.07.28"]
[EventType "tourn"]
[EventCountry "GER"]
[SourceTitle "playchess.com"]
[Source "ChessBase"]
[SourceQuality "1"]

{[%evp 20,93,-19,-13,-14,-14,0,-20,0,-39,5,17,8,-47,0,-14,-14,-13,-20,-89,-31,-48,0,0,20,-89,-89,-89,-83,-88,-106,-102,-110,-118,-111,-163,-167,-147,-106,-121,-32,-31,-32,-45,-35,-63,0,0,0,0,0,0,15,15,15,15,22,15,15,15,15,7,8,8,15,15,15,15,13,0,15,0,8,0,15,15]} 1. e4 c5 2. c3 b6 3. d4 Bb7 4. Bd3 Nf6 5. Qe2 cxd4 6. cxd4 Nc6 {[%cal Bb8c6,Bc6b4,Bb4d3][%mdl 32]} 7. Nf3 Nb4 8. Nc3 Nxd3+ 9. Qxd3 e6 10. Bg5 Be7 11. O-O O-O {B22: Sicilian: 2 c3.} 12. Rac1 Rc8 {[#]} 13. a3 $146 ({Predecessor:} 13. Rc2 h6 14. Bh4 Nh5 15. Bxe7 Qxe7 16. Rfc1 d6 17. Qe3 g5 18. h4 f6 19. Nb5 {0-1 (52) Schoene,M-Michna,C (2205) Frankfurt 2003}) 13... h6 14. Bh4 (14. Bxf6 $5 Bxf6 15. e5 $11) 14... Nh5 15. Bxe7 Qxe7 16. d5 ({White should play} 16. g3 $11) 16... Qf6 17. Qd4 Nf4 $36 {[%mdl 2048] Black is pushing.} 18. Qxf6 gxf6 19. Nd4 {[#]} (19. Rb1 $11 {keeps the balance.}) 19... Nd3 (19... Ba6 $1 $17 {[%cal Ra6f1]} 20. Rfd1 Nd3) 20. Rc2 Ba6 (20... Nxb2 $5 21. Ndb5 Nc4 22. Nxa7 Rc5 $15) 21. Rb1 Rc4 22. Nce2 (22. Nde2 $1 $11 {remains equal.}) 22... Rxc2 $17 23. Nxc2 Nxb2 24. Rxb2 {[#] And now Nf4 would win.} Bxe2 {[%mdl 4096] Endgame KRB-KRN} 25. Ne3 Bd3 26. f3 Rc8 27. Rd2 (27. a4 $17) 27... Rc3 $19 28. a4 Kg7 29. Kf2 Ba6 ({Black should try} 29... Ra3 $17 30. g4 Kf8) 30. dxe6 $1 $15 dxe6 31. Rd7 Ra3 32. Rxa7 Bb5 (32... Ra2+ $15 33. Kg3 Rxa4) 33. Rb7 $11 {The position is equal.} Rxa4 34. Rxb6 Ra2+ 35. Kg3 Be8 36. Nc4 Ra7 37. Nd6 Ba4 38. Rb7 Rxb7 39. Nxb7 {KB-KN} Kg6 40. Nc5 Bc6 41. Nd3 Bb5 42. Nf4+ Kg7 43. Nh5+ Kg6 44. Nf4+ Kh7 45. Nh5 Kg6 46. Nf4+ Kg7 47. Kf2 {Accuracy: White = 75%, Black = 74%.} 1/2-1/2

[Event "47th GER-ch Blitz 2020"]
[Site "Magdeburg"]
[Date "2020.08.15"]
[Round "2.13"]
[White "Bluebaum, Matthias"]
[Black "Siebrecht, Sebastian"]
[Result "1-0"]
[WhiteElo "2647"]
[BlackElo "2429"]
[Annotator "TA"]
[PlyCount "99"]
[EventDate "2020.07.28"]
[EventType "tourn"]
[EventCountry "GER"]
[SourceTitle "playchess.com"]
[Source "ChessBase"]
[SourceQuality "1"]

{[%evp 17,98,89,84,86,98,100,94,100,96,90,103,100,133,140,140,130,128,120,120,149,133,145,132,-29,0,0,0,-51,-50,-47,-43,-58,-56,-54,-63,-61,-44,-135,-127,-214,-199,-172,-169,-143,-50,-179,-129,-141,-141,-206,-163,-811,-791,-714,-120,-239,-232,-337,-170,-154,-33,-42,-35,-47,150,-97,-75,-75,-79,-146,0,0,6191,6054,5598,5687,29980,29981,29991,4690,29991,6028,29999]} 1. d4 g6 2. c4 Bg7 3. e4 d6 4. Nc3 Nc6 5. d5 Nd4 6. Be3 c5 7. Nge2 Nxe2 8. Bxe2 Nf6 9. O-O O-O 10. Qd2 {A42: Modern Defence: Averbakh Variation.} Bg4 11. f3 Bd7 12. f4 {White is better.} Ne8 {[#]} 13. f5 $146 ({Predecessor:} 13. Rab1 Nc7 14. a3 a5 15. Kh1 Qe8 16. e5 b6 17. Bf3 Rb8 18. Rbe1 Qd8 19. Bf2 b5 20. Bh4 {1-0 (36) Banas,J (2425)-Talla,V (2305) Czechia 1998}) 13... a6 14. a4 Nc7 15. Bh6 b5 16. cxb5 axb5 17. axb5 Rxa1 18. Rxa1 Qb8 19. Bxg7 Kxg7 20. Qf4 $2 (20. Ra5 $16) 20... Bxb5 21. f6+ exf6 {...Bxe2 is the strong threat.} 22. Rf1 (22. Qxd6 Bxe2 23. Nxe2 Qxb2 $17) (22. Bxb5 $11 Nxb5 23. Rf1) 22... Bxe2 $1 $15 23. Qxf6+ Kg8 24. Nxe2 Qd8 25. Qf4 Qe7 26. Ng3 Rb8 27. Rf2 (27. Qg4 $1 $15) 27... Rb4 28. Qh6 (28. Qg4 $17 {was necessary.}) 28... Qe5 $19 29. Qd2 Nb5 30. Qe2 Rb3 (30... h5 $1 $17 {Threatens to win with ...h4.} 31. Qf3 Qe7) 31. Nf1 (31. Qf1 $1 $15) 31... Qd4 32. h3 h5 33. Kh2 (33. Nh2 $17) 33... c4 34. Nd2 $2 (34. Qc2) 34... Rxb2 35. Qf3 Qe5+ $2 (35... f6 $19 36. e5 Qxe5+ 37. g3 c3) 36. Kh1 (36. Kg1 $17 f5 37. Nxc4 Rb1+ 38. Rf1 Rxf1+ 39. Kxf1 Qa1+ 40. Kf2) 36... Qe7 37. e5 (37. Nxc4 {is a better defense.} Rxf2 {[%mdl 64] Overworked Piece} 38. Qxf2 Qxe4 {[%mdl 64] Double Attack} 39. Ne3) 37... dxe5 (37... c3 $142 38. exd6 Qa7) 38. Nxc4 Rb1+ (38... e4 $17 39. Qg3 Rxf2 40. Qxf2 Qc7) 39. Kh2 $1 $15 e4 40. Qf4 {Black must now prevent d6.} Rd1 $2 (40... e3 $15 {stays ahead.} 41. Nxe3 Qd6) 41. Ne5 $2 (41. Qb8+ $16 {is forced if you want to stay better.} Kh7 42. Qxb5) 41... Nd6 42. Nc6 Qd7 43. Qe5 ({Better is} 43. Qf6 Qc7 44. Qe5) 43... e3 (43... Kh7 $17 {aiming for ...f5.} 44. Re2 Qf5 45. Qxf5 (45. Qxd6 Qf1 $19) 45... gxf5) 44. Qxe3 $11 Rxd5 $2 {[%mdl 8192]} (44... Kh7 $11) 45. Ne7+ $18 {[%mdl 64] Double Attack} Kg7 46. Nxd5 {White threatens Qd4+ and mate.} Nf5 47. Qe5+ Kh6 48. Nf6 (48. Qh8+ $142 Kg5 49. g3 Qd6 50. h4+ $1 {[%mdl 512]} Nxh4 51. Nf6 Qb4 52. Ng8 Nf3+ 53. Rxf3) 48... Qd1 49. Ne4 (49. Rxf5 $142 Qd8 50. Qf4+ Kg7 {[#]} 51. Nxh5+ $1 {[%mdl 576] Discovered Attack} Kg8 52. Rxf7 g5 53. Rg7+ {[%mdl 64] Double Attack} Kh8 54. Qf7 Qb8+ 55. Ng3 Qxg3+ 56. Kxg3 g4 57. Rh7#) 49... h4 50. Qh8# {What a fight! Accuracy: White = 46%, Black = 55%.} 1-0